Datum a čas kvízu
34
Celkem bodů
Celkový počet nahraných bodů na tomto kvízu bez doplňovacích otázek.
4.
Pořadí na kvízu
Konečné umístění týmu na tomto kvízu.
Zaznamenané odpovědi
| # | Otázka | Odpověď | Body | Výsledky |
|---|---|---|---|---|
| 1. | Motorkáři z Ruska dorazili v p... | 1 | ||
| 2. | Parlament jedné země v úterý z... | 1 | ||
| 3. | V letošní písňové soutěži Euro... | 1 | ||
| 4. | Společnost Apple využije k vyl... | 0 | ||
| 5. | Jak se jmenuje tým, který vyřa... | 0 | ||
| 6. | Také se Vám někdy stane, že v... | 1 | ||
| 7. | Napište slovo s českým slovním... | 1 | ||
| 8. | Vzpomeňte si na jednu dříve ho... | 0 | ||
| 9. | Ve filmu Tajemství hradu v Kar... | 0 | ||
| 10. | Kdo hledí pouze na prospěch, t... | 1 |